Liturgia y religiosidad popular

Uloženo v:
Podrobná bibliografie
Hlavní autor: Botero, Alvaro (Autor)
Médium: Kniha
Jazyk:španělština
Vydáno: Santiago Comisión Episcopal de Liturgia 1976
Edice:Pastoral Litúrgica, 7
Témata:
Tagy: Přidat tag
Žádné tagy, Buďte první, kdo vytvoří štítek k tomuto záznamu!

MARC

LEADER 00000nam a2200000 a 4500
001 UCM0550
003 CL-VaPUC
008 020301e19760000CL |||||||||||||||||spa|d
082 0 4 |a 264  |b BOT  |2 21 
100 0 |a Botero, Alvaro  |e author  |9 467409 
245 1 0 |a Liturgia y religiosidad popular 
300 |a 60 p 
942 |c BK 
945 |d 20020301 00:00:00  |a cmena 
260 |a Santiago  |b Comisión Episcopal de Liturgia  |c 1976 
650 0 |a Liturgias  |9 400095 
650 0 |a Ceremonias religiosas  |9 337235 
650 7 |a EDUCACION CRISTIANA  |2 CL-VaPUC  |9 308333 
583 |a last modification  |c 20190801 06:39:37  |k Rodrigo Vera 
490 0 |a Pastoral Litúrgica, 7 
999 |c 299442  |d 299440 
952 |0 0  |1 0  |4 0  |6 264_000000000000000_BOT_1976  |7 0  |8 A  |9 355987  |a BIBTEO  |b BIBTEO  |d 2019-11-21  |i 3791742  |o 264 BOT 1976  |p 3791742  |r 2024-01-18  |w 2019-11-21  |y BK  |k ICR